Behavioural sciences and indstrial relations (Record no. 743107)

MARC details
000 -LEADER
fixed length control field 00724nam a2200241Ia 4500
003 - CONTROL NUMBER IDENTIFIER
control field OSt
005 - DATE AND TIME OF LATEST TRANSACTION
control field 20220928112050.0
008 - FIXED-LENGTH DATA ELEMENTS--GENERAL INFORMATION
fixed length control field 220927b |||||||| |||| 00| 0 eng d
037 ## - SOURCE OF ACQUISITION
Terms of availability Textual
040 ## - CATALOGING SOURCE
Original cataloging agency SDCL
Transcribing agency SDCL
Language of cataloging eng
041 ## - LANGUAGE CODE
Source of code eng
Language code of text/sound track or separate title eng
100 ## - MAIN ENTRY--PERSONAL NAME
Personal name Thomson Andrew Ed.
9 (RLIN) 375648
245 #0 - TITLE STATEMENT
Title Behavioural sciences and indstrial relations
Remainder of title Some problems of integration
260 ## - PUBLICATION, DISTRIBUTION, ETC.
Place of publication, distribution, etc. Aldershot
Name of publisher, distributor, etc. Gower
Date of publication, distribution, etc. 1981
300 ## - PHYSICAL DESCRIPTION
Extent ix,202p
Dimensions cm.
700 ## - ADDED ENTRY--PERSONAL NAME
Personal name Warner Malcolm Ed.
9 (RLIN) 355442
942 ## - ADDED ENTRY ELEMENTS (KOHA)
Classification part X:97oaS:44, M1
Koha item type Textual
Source of classification or shelving scheme Colon Classification (CC)
Holdings
Withdrawn status Lost status Damaged status Not for loan Home library Current library Date acquired Total Checkouts Full call number Barcode Date last seen Price effective from Koha item type
        South Campus Library South Campus Library 2022-09-28   X:97oaS:44 M1 SC0682501 2022-09-28 2022-09-28 Textual
Copyright @ Delhi University Library System